Central Library OPAC University of Rajshahi

সোনার মলাট তারাশঙ্কর / (Record no. 49364)

MARC details
000 -LEADER
fixed length control field 00858nam a2200217 a 4500
001 - CONTROL NUMBER
control field 49364
003 - CONTROL NUMBER IDENTIFIER
rucl marc code BD-RjUL
005 - DATE AND TIME OF LATEST TRANSACTION
control field 20211209054654.0
008 - FIXED-LENGTH DATA ELEMENTS--GENERAL INFORMATION
fixed length control field 160820s1973 ii ||||| |||| 00| 0 ben d
035 ## - SYSTEM CONTROL NUMBER
System control number (BD-RjUL)49483
040 ## - CATALOGING SOURCE
Original cataloging agency BD-RjUL
Language of cataloging ben
Transcribing agency BD-RjUL
041 ## - LANGUAGE CODE
Language code of text/sound track or separate title ben
082 ## - DEWEY DECIMAL CLASSIFICATION NUMBER
Edition number 23
Classification number 891.4408
Author mark and year SHO 1973
245 00 - TITLE STATEMENT
Title সোনার মলাট তারাশঙ্কর /
Statement of responsibility, etc. সম্পাদনা, শ্যামল চক্রবতী
260 ## - PUBLICATION, DISTRIBUTION, ETC. (IMPRINT)
Place of publication, distribution, etc. কলিকাতা :
Name of publisher, distributor, etc. রামায়ণী প্রকাশ ভবন,
Date of publication, distribution, etc. ১৯৭৩
300 ## - PHYSICAL DESCRIPTION
Pagination ১৬৯ পৃ.:
Illustrations চিএ ;
Size ২১ সেমি.
650 ## - SUBJECT ADDED ENTRY--TOPICAL TERM
Topical term or geographic name as entry element বাংলা সাহিত্য
General subdivision সংগ্রহ
9 (RLIN) 122902
Topical term or geographic name as entry element bengali Literature
General subdivision Collectiion
9 (RLIN) 148213
700 ## - ADDED ENTRY--PERSONAL NAME
Personal name চক্রবতী, শ্যামল
942 ## - ADDED ENTRY ELEMENTS (KOHA)
Source of classification or shelving scheme Dewey Decimal Classification
Koha item type Books
Holdings
Lost status Source of classification or shelving scheme Damaged status Not for loan Collection code Permanent Location Current Location Shelving location Date acquired Source of acquisition Cost, normal purchase price Total Checkouts Full call number Date last seen Copy number Koha item type
  Dewey Decimal Classification   Not For Loan Non-fiction Central Library, University of Rajshahi Central Library, University of Rajshahi Reading Room 10/04/1980 K.P.Bagchi, Calcata. 8.00   B 891.4408 SHO 1973 20/08/2016 C-1 Books
  Dewey Decimal Classification     Non-fiction Central Library, University of Rajshahi Central Library, University of Rajshahi   10/04/1980 K.P.Bagchi 8.00   B 891.4408 SHO 1973 04/05/2017 C-2 Books